films par sports #2 - Statistiques

Statistiques générales
  • Ce quiz a été pris 106 fois
  • Le résultat moyen est 7 sur 20
Statistiques - réponses
Hint Réponse % Correct
Basket Space Jam (1996)
84%
Automobile Le Mans 66 (2019)
69%
Volley Ball (un ballon y tient un rôle) Seul Au Monde / Cast Away (2000)
66%
Tir à l'Arc Hunger Games (2012)
63%
Boxe Raging Bull (1980)
61%
Football Goal - Naissance d'un Prodige (2005)
56%
Parachutisme / Chute Libre Drop Zone (1994)
41%
Bowling 7-10 Split (2007)
36%
Billard L'Arnaqueur (1961)
30%
Ski de Fond Good Luck Algeria (2015)
28%
Tennis de Table Balles de Feu (2007)
27%
Foot US Jerry Maguire (1996)
27%
Athlétisme La Couleur de la Victoire (2016)
25%
Pêche sportive Le Sport Favori de l'Homme (1964)
25%
Skateboard Les Seigneurs de Dogtown (2005)
23%
Golf La Legende de Bagger Vance (2000)
22%
Curling Men With Brooms (2002)
20%
Poker Lucky You (2007)
19%
Fléchettes Heiko' s World (2021)
16%
Baseball Pour l'Amour du Jeu (1999)
11%
Aucun quiz correspondant
Distribution des résultats
% des personnes avec chaque résultat
Percentile par nombre de réponses
Votre historique - résultats
Vous n’avez pas pris ce quiz